• 首页
  • 本馆介绍
  • 公告通知
  • 最新文献
  • 馆藏检索
  • 电子资源
  • 读者导购
  • 参考咨询
  • 我的图书馆
  • 登录
  • 详细信息显示
  • 放入我的书架
  • 预约/预借图书
  • 作者相关作品
  • 分类相关作品
  • 丛书相关作品
  • 出版社相关作品

书目信息

  • 表格格式
  • 工作单格式
  • 卡片格式
题名:
华为逻辑
    
 
作者: 唐新 著
分册:  
出版信息: 武汉   华中科技大学出版社  2016
页数: 214页
开本: 24cm
丛书名:
单 册:
中图分类: F632.765.3
科图分类:
主题词: 通信--tong xin--邮电企业--企业管理--经验--深圳
电子资源:
ISBN: 978-7-5680-1703-9
000 00883nam0 22002531 450
001 1738621010
005 20170627164642.0
010    @a978-7-5680-1703-9@dCNY32.00
100    @a20161008d2016 em y0chiy50 ea
101 0  @achi
102    @aCN@b420000
105    @ay z 000yy
106    @ar
200 1  @a华为逻辑@9hua wei luo ji@e深度解密华为的成功之道@f唐新著
210    @a武汉@c华中科技大学出版社@d2016
215    @a214页@d24cm
330    @a本书以华为内部素材、资料为基础,结合任正非的管理思想,梳理华为的管理逻辑。
517 1  @a深度解密华为的成功之道@9shen du jie mi hua wei de cheng gong zhi dao
606 0  @a通信@9tong xin@x邮电企业@x企业管理@x经验@y深圳
610 0  @a华为技术有限公司@Ahua wei ji shu you xian gong si
690    @aF632.765.3@v5
701  0 @a唐新@9tang xin@c(企业管理)@4著
801  0 @aCN@bTANGWEI@c20170626
905    @b1016216-21@dF632.765.3@e8@f6
    
    华为逻辑:深度解密华为的成功之道/唐新著.-武汉:华中科技大学出版社,2016
    214页;24cm
    
    
    ISBN 978-7-5680-1703-9:CNY32.00
    本书以华为内部素材、资料为基础,结合任正非的管理思想,梳理华为的管理逻辑。
●
相关链接 在E读中查询图书 在五车中查询图书 在当当中查询图书 在豆瓣中查询图书


正题名:华为逻辑     索取号:F632.765.3/8         预约/预借

序号 登录号 条形码 馆藏地/架位号 状态 备注
1 1016216   210162161   第一样本阅览室/ [索取号:F632.765.3/8] 在馆    
2 1016217   210162170   教育系资料室/ [索取号:F632.765.3/8] 在馆    
3 1016218   210162189   教育系资料室/ [索取号:F632.765.3/8] 在馆    
4 1016219   210162198   教育系资料室/ [索取号:F632.765.3/8] 在馆    
5 1016220   210162205   第一借阅区/ [索取号:F632.765.3/8] 在馆    
6 1016221   210162214   第一借阅区/ [索取号:F632.765.3/8] 在馆    
唐山师范学院图书馆 欢迎您!
大连网信软件有限公司© 版权所有